| 000 | 00525nam a22001937a 4500 | ||
|---|---|---|---|
| 005 | 20260127121842.0 | ||
| 008 | 260127b |||||||| |||| 00| 0 eng d | ||
| 020 | _a9781265175535 (pbk) | ||
| 040 | _cPK-LaUMT | ||
| 082 |
_a612.3 _bWAR- |
||
| 245 |
_aWardlaw's perspectives in nutrition / _cby Carol Byrd-Bredbenner . . . [et al.] |
||
| 250 | _a12th ed. | ||
| 260 |
_aNew York : _bMcGraw-Hill, _c2022 |
||
| 300 | _a719 p. | ||
| 650 | _aNutrition | ||
| 650 |
_aHealthy diet _98949 |
||
| 650 | _aMetabolism | ||
| 942 | _cBK | ||
| 999 |
_c139613 _d139613 |
||